| 000 | 01360nam0a22002891 4500 | ||
|---|---|---|---|
| 001 | rc\627974 | ||
| 005 | 20031121164317.3 | ||
| 035 | _a(NLR Aleph) 005870267 | ||
| 090 |
_a5971349 _c5971349 |
||
| 100 | _a20031121d1986 u |0rusy50 ca | ||
| 101 | 0 | _arus | |
| 102 | _aRU | ||
| 105 | _aa ||||||||| | ||
| 200 | 1 |
_aКомплексный мониторинг воздействий вулканического аэрозоля на атмосферу и климат _f[К.Я. Кондратьев, В.А. Иванов, С.Г. Маликов] |
|
| 210 |
_aОбнинск _cИнформ. центр ВНИИГМИ-МЦД _d1986 |
||
| 215 |
_a53 с. _cил. _d20 |
||
| 225 | 1 |
_aГидрометеорология _hСерия 37.21 _iМетеорология _eОбзор. информ. _fВНИИ гидрометеорол. информ. - Мировой центр данных _vВып. 3 |
|
| 300 | _aВ надзаг. также: Гос. ком. СССР по гидрометеорологии и контролю природ. среды | ||
| 320 | _aБиблиогр.: с. 39-47 | ||
| 700 | 1 |
_aКондратьев _bК. Я. _f1920- _gКирилл Яковлевич |
|
| 701 | 1 |
_aИванов _bВ. А. |
|
| 701 | 1 |
_aМаликов _bС. Г. |
|
| 801 | 0 |
_aRU _bNLR _gpsbo |
|
| 801 | 1 |
_aRU _bELAR _2rusmarc |
|
| 852 |
_aNLR _jП7/1934 |
||
| 942 | _cBOOK | ||
| 980 | _aNB | ||